The CIA in Ecuador.

Marc Becker draws on recently released US government surveillance documents on the Ecuadorian left to chart social movement organizing efforts during the 1950s, showing how the local patterns and dynamics that shaped the development of the Ecuadorian left could be found throughout Latin American dur...

Full description

Bibliographic Details
Main Author: Becker, Marc.
Format: eBook
Language:English
Published: Durham : Duke University Press, 2021.
Edition:1st ed.
Series:American Encounters/Global Interactions Series
Subjects:
Online Access:Click to View
LEADER 02433nam a22004213i 4500
001 EBC6796033
003 MiAaPQ
005 20231204023219.0
006 m o d |
007 cr cnu||||||||
008 231204s2021 xx o ||||0 eng d
020 |a 9781478012993  |q (electronic bk.) 
020 |z 9781478010357 
035 |a (MiAaPQ)EBC6796033 
035 |a (Au-PeEL)EBL6796033 
035 |a (OCoLC)1224035398 
040 |a MiAaPQ  |b eng  |e rda  |e pn  |c MiAaPQ  |d MiAaPQ 
050 4 |a JL3029 
082 0 |a 327.1273086609045 
100 1 |a Becker, Marc. 
245 1 4 |a The CIA in Ecuador. 
250 |a 1st ed. 
264 1 |a Durham :  |b Duke University Press,  |c 2021. 
264 4 |c Ã2021. 
300 |a 1 online resource (337 pages) 
336 |a text  |b txt  |2 rdacontent 
337 |a computer  |b c  |2 rdamedia 
338 |a online resource  |b cr  |2 rdacarrier 
490 1 |a American Encounters/Global Interactions Series 
505 0 |a Cover -- Contents -- Abbreviations -- Introduction. War of the Worlds -- Chapter 1. Postwar Left -- Chapter 2. CIA -- Chapter 3. Coups -- Chapter 4. Moscow Gold -- Chapter 5. Divisions -- Chapter 6. Transitions -- Chapter 7. Populism -- Chapter 8. Dissension -- Chapter 9. Everyday Forms of Organization -- Chapter 10. Communist Threats -- Chapter 11. Resurgent Left -- Conclusion. 1959 -- Notes -- Bibliography -- Index -- A -- B -- C -- D -- E -- F -- G -- H -- I -- J -- K -- L -- M -- N -- O -- P -- Q -- R -- S -- T -- U -- V -- W -- Y -- Z. 
520 |a Marc Becker draws on recently released US government surveillance documents on the Ecuadorian left to chart social movement organizing efforts during the 1950s, showing how the local patterns and dynamics that shaped the development of the Ecuadorian left could be found throughout Latin American during the cold war. 
588 |a Description based on publisher supplied metadata and other sources. 
590 |a Electronic reproduction. Ann Arbor, Michigan : ProQuest Ebook Central, 2023. Available via World Wide Web. Access may be limited to ProQuest Ebook Central affiliated libraries.  
655 4 |a Electronic books. 
776 0 8 |i Print version:  |a Becker, Marc  |t The CIA in Ecuador  |d Durham : Duke University Press,c2021  |z 9781478010357 
797 2 |a ProQuest (Firm) 
830 0 |a American Encounters/Global Interactions Series 
856 4 0 |u https://ebookcentral.proquest.com/lib/matrademy/detail.action?docID=6796033  |z Click to View